000 00622nam a2200229Ia 4500
003 OSt
005 20220924150755.0
006 a|||||r|||| 00| 0
007 ta
008 220923b |||||||| |||| 00| 0 ara d
024 _a334566
037 _cTextual
040 _aARTS
_cARTS
_bara
041 _2ara
_aara
082 _aO1441vN2, 28M4
100 _aMohammad Jamaluddin Sayed Au.
_9222896
245 0 _aAl-adabul yugusalfai al-muasir
260 _c1984
650 _aSLAVONIC LITERATURE
942 _hO1441vN2, 28M4
_cTEXL
_2CC
999 _c464462
_d464462